Je rozdiel medzi klubmi dôchodcov a Jednotou dôchodcov Slovenska?

Bibliographic Details
Main Author: Farkaš, Imrich (Author)
Format: Article
Language:Slovak
Subjects:

MARC

LEADER 00000nab a2200000 a 4500
001 vtls000581262
003 SK-MaSNL
005 20260303011728.0
008 160202c1996 xo 0 slo
015 |a SNBRB19rr/mm-uuuuu 
035 |a CL0581400 
040 |a SNKBUCL  |b slo  |c SNKBUCL  |e AACR2 
041 0 |a slo 
044 |a xo  |c SK 
080 |a 362.6:061.25(437.6)  |2 1981 
080 |a 379.81-057.75  |2 1981 
100 1 |a Farkaš, Imrich  |4 aut  |9 623162 
245 1 0 |a Je rozdiel medzi klubmi dôchodcov a Jednotou dôchodcov Slovenska?  |c Imrich Farkaš 
650 0 7 |a Jednota dôchodcov na Slovensku  |2 snkbucl  |9 954600 
650 0 7 |a kluby dôchodcov  |2 snkbucl  |9 14343 
655 7 |a články z novín a časopisov  |2 snkbucl  |9 267496 
773 0 |t Práca  |g Roč. 51, č. 90 (18. 4. 1996), s. 5 
850 |a Slovenská národná knižnica v Martine  |a MTA001 
852 |a SNK  |b KIS3GCP 
958 |a RK 
958 |a SK 
992 |a RBX 
999 |c 1593713  |d 1595643